| 000 | 00000nas 2200000zi 4500 |
| 001 | 9.872314 |
| 003 | CaOODSP |
| 005 | 20221107163622 |
| 006 | m o d f |
| 007 | cr ||||||||||| |
| 008 | 190501d20132015oncar p o f0###a0eng|d |
| 040 | |aCaOODSP|beng|erda|cCaOODSP |
| 043 | |an-cn--- |
| 086 | 1 |aIu41-8E-PDF |
| 245 | 04|aThe state of the Canadian aerospace industry. |
| 264 | 1|a[Ottawa] : |bIndustry Canada = Industrie Canada,|c2013-2015. |
| 310 | |aAnnual |
| 336 | |atext|btxt|2rdacontent |
| 337 | |acomputer|bc|2rdamedia |
| 338 | |aonline resource|bcr|2rdacarrier |
| 362 | 0 |a2013 report - 2015 report |
| 500 | |aCover title. |
| 500 | |aIssued also in French under title: L'état de l'industrie aérospatiale canadienne. |
| 520 | |a"Industry Canada and the Aerospace Industries Association of Canada (AIAC) agreed to leverage their respective expertise and formed a collaborative research partnership to provide the most accurate, detailed and relevant analysis to both industry and government decision makers The two parties agreed that: Industry Canada would develop detailed economic statistics; AIAC would consult and validate with its network on business drivers, issues and trends; and The statistics, issues and trends would be jointly released on an annual basis"--Context, 2013 report. |
| 550 | |aIssued jointly by: Aerospace Industries Association of Canada. |
| 580 | |aContinued by: State of Canada's aerospace industry, ... report. |
| 692 | 07|2gccst|aAerospace industry |
| 710 | 1 |aCanada. |bIndustry Canada. |
| 710 | 2 |aAerospace Industries Association of Canada. |
| 775 | 08|tL'état de l'industrie aérospatiale canadienne, rapport ... |w(CaOODSP)9.849056 |
| 785 | 00|tState of Canada's aerospace industry, ... report |w(CaOODSP)9.849054 |